00835nam a2200241Ia 4500001000900000003000500009005001700014008004100031010001100072040000900083082001300092100003100105245005200136260003800188300001100226650004700237901001300284902000600297905006300303942001500366999001900381952019300400dia_3033CHAP20230314114958.0220117s1996 xx 000 0 und d a173538 cCHAP a725.4 T6 aTompkins, James A.9153928 aFacilitles Planning /c by James A. Tompkins aNew york, John Wiley & Sonsc1996 a734 p. aFabricaxdiseño y construcción9153929 a725.4 T6 aM a0000001996 NEWA 0000000000ING00 cLIBRO2ddc c173538d173538 00102ddc4051708GRALaIA_bIA_d1997-12-06eCompra Librería American Book Store F. 45331 / R. 40152 (09/12/1997)g680.00i191622l0o725.4 T6pdia_4457r2022-01-18 00:00:00t1yLIBRO